Introduction to business statistics

Guardat en:
Dades bibliogràfiques
Autor principal: Hadley, George F (Autor)
Format: Llibre
Idioma:anglès
Publicat: San Francisco Holden-Day 1968
Matèries:
Etiquetes: Afegir etiqueta
Sense etiquetes, Sigues el primer a etiquetar aquest registre!

MARC

LEADER 00000nam a2200000 a 4500
001 UCP0204
003 CL-VaPUC
008 990305e19680000US |||||||||||||||||eng|d
082 0 4 |a 519.5  |b HAD  |2 21 
100 |a Hadley, George F  |e author  |9 463402 
245 1 0 |a Introduction to business statistics 
300 |a 463 p 
942 |c BK 
945 |d 19990305 00:00:00  |a cmena 
260 |a San Francisco  |b Holden-Day  |c 1968 
650 0 |a Administración de empresas   |9 260833 
650 0 |a Probabilidades   |9 260199 
650 0 |a Control de calidad   |9 259714 
650 0 |a Análisis de regresión   |9 263763 
650 0 |a Análisis de correlación  |9 359673 
650 7 |a SERIES DE TIEMPO  |2 CL-VaPUC  |9 424864 
583 |a last modification  |c 19990305 00:00:00  |k Rodrigo Vera 
999 |c 279044  |d 279042 
952 |0 0  |1 0  |4 0  |6 519_500000000000000_HAD_1968  |7 0  |8 A  |9 317946  |a BIBMAT  |b BIBMAT  |d 2019-11-20  |i 1498150  |o 519.5 HAD 1968  |p 1498150  |r 2025-01-07  |w 2019-11-20  |y BK  |k MAT